| 000 | 00879nam a2200253Ia 4500 | ||
|---|---|---|---|
| 003 | GCL | ||
| 008 | 140319s9999 xx 000 0 ara d | ||
| 040 |
_aGCL / _cGCL |
||
| 082 | 0 | 4 |
_a515.1 _bا م |
| 100 | 1 | _aايثل عبدالجبار الجومرد | |
| 245 | 1 | 0 |
_aمقدمة فى الرياضيات الاقتصادية / _cايثل عبدالجبار الجومرد |
| 260 |
_a[S.N] : _bوزارة التعليم العالى والبحث العلمى ، _c1988 |
||
| 300 | _a272 ص | ||
| 490 |
_aبطولات اسلامية _v0 |
||
| 650 | 0 | 4 | _aالاقتصاد |
| 650 | 0 | 4 | _aالتفاضل والتكامل |
| 650 | 0 | 4 | _aالرياضيات |
| 650 | 0 | 4 | _aالاجتماع |
| 650 | 0 | 4 | _aتعليم وتدريس |
| 650 | 0 | 4 | _aالطرق الاحصائية |
| 650 | 0 | 4 | _aالاقتصاد الرياضى |
| 650 | 0 | 4 | _aالعلوم البحتة |
| 942 |
_2ddc _cBK |
||
| 999 |
_c58595 _d58595 |
||